Дело о полах декорационного сарая Мариинского театра

Доступно только в Электронных читальных залах Найти на картеНа карте
RUSMARC
00003893nmc2a22002533x 450
0018476d71a-0cbe-4064-b8d5-8167ac9914af
00520210715151307.0
100##$a20210215l19051907k l0rusy0189 ca
1010#$arus
102##$aRU
105##$aea##
1222#$ad
2001#$aДело о полах декорационного сарая Мариинского театра
$j24 ноября 1905 г. - февраль 1907 г.
215##$a19 л.
$cплан.; черт.
$d36,5х26 см
251##$cДело
300##$aПо Санкт-Петербургской конторе Дирекции императорских театров
300##$aНа обложке указано: "Стр. кред. 1906 г. ст. 11"
371##$aДокумент не является опубликованным и широко распространяемым
461#0$10019264ebf8-de62-4f1a-9eb4-9f22098dbbd5
$12001
$aДирекция императорских театров МИДв
$1251
$cФонд
$1852
$j497
462#0$1001ff15f5e8-b5fa-4fe1-bbcd-275cd0305ec2
$12001
$aДела Санкт-Петербургской конторы Дирекции императорских театров и дела Московской конторы Дирекции императорских театров
$1251
$cОпись
$1852
$j10
801#0$aRU
$bРГИА
$c20210215
$gRCR
801#1$aRU
$bГлавНИВЦ
$c20210215
$2rusmarc
801#2$aRU
$bПБ им. Б.Н. Ельцина
$c20210715
$gRCR
$2rusmarc
850##$aРГИА
852##$aРГИА
$eФедеральное казенное учреждение "Российский государственный исторический архив" (РГИА)
$j940
937##$hРГИА
$d12357812
$aASBIBLIO_SCAN
035##$aRusGRCC00022474
856##$uhttp://readingroom.main.prlib.ru/item.aspx?id_node=n166194922&mode=full
Формат отображения